000 00581nam a2200241Ia 4500
003 OSt
005 20221007115709.0
006 a|||||r|||| 00| 0
007 ta
008 221006b |||||||| |||| 00| 0 eng d
024 _a37,898
037 _cTextual
040 _aLCO
_cLCO
_beng
041 _2eng
_aeng
082 _aZ2,267, Q8
100 _aSreenivasulu N. S.
245 0 _aLaw Relating to Intellectual Property
250 _a2nd
260 _c2018
300 _a515
942 _hZ2,267, Q8
_cTEXL
999 _c1207461
_d1207461